| 000 | 00706nam a2200229 i 4500 | ||
|---|---|---|---|
| 001 | bg | ||
| 100 | 1 | _aŁYCZKO, Kazimierz | |
| 245 | 1 | 0 |
_aTechnologia narzędzi i wygniatania gwintów wewnętrznych / _cKazimierz Łyczko ; Politechnika Częstochowska. |
| 260 |
_aCzęstochowa : _bWydaw. PC, _c1999. |
||
| 300 |
_a192, [1] s. : _bfot., rys., wykr. ; _c24 cm. |
||
| 504 | _aBibliogr. s. 187-[193]. | ||
| 650 | 9 |
_aGwintowanie _xnarzędzia i maszyny |
|
| 650 | 9 |
_aNarzędzia _xtechnologia |
|
| 710 | 0 | _aPolitechnika Częstochowska | |
| 020 | _a8371930607 | ||
| 040 | _cBPK | ||
| 041 | 0 | _apl | |
| 080 | _a621.99 | ||
| 920 | _a83-7193-060-7 | ||
| 942 | _cKS | ||
| 008 | s pl f |000 0 pol | ||
| 999 |
_c37803 _d37803 |
||
| 856 |
_uhttp://koha.tu.koszalin.pl/cgi-bin/koha/opac-detail.pl?biblionumber=37803 _yKatalog online BPK |
||